000 00740nam a22001817a 4500
999 _c59267
_d59267
005 20221226152412.0
008 221226s1948ru xxu||||| |||| 00| 0 rus d
041 _arus
080 _a821.161.1 Л - 49
100 _aЛермонтов, М.Ю.
_916589
245 _aПолное собрание сочинений В 4 томах :
_b 4т. Проза и письма /
_cМ. Ю. Лермонтов, Ред.Г, Макогененко
264 _a М.-Л.:
_bОГИЗ Гослитиздат.
_c 1948
300 _a513 стр,
_b22 см.
653 _aПроза и письма
653 _aპროზა და წერილები
700 _aМакогененко, Г
_eრედაქტორი
_916590
942 _2udc
_cBK